<?xml version="1.0" encoding="UTF-8"?>
<record
    xmlns:xsi="http://www.w3.org/2001/XMLSchema-instance"
    xsi:schemaLocation="http://www.loc.gov/MARC21/slim http://www.loc.gov/standards/marcxml/schema/MARC21slim.xsd"
    xmlns="http://www.loc.gov/MARC21/slim">

  <leader>02178cam a22004454i 4500</leader>
  <controlfield tag="003">PE-LiUPU</controlfield>
  <controlfield tag="005">20250731165410.0</controlfield>
  <controlfield tag="008">151021s2011    pe a   grm    000 0 spa d</controlfield>
  <datafield tag="035" ind1=" " ind2=" ">
    <subfield code="a">(Sirsi) a155011</subfield>
  </datafield>
  <datafield tag="040" ind1=" " ind2=" ">
    <subfield code="a">PE-LiUPU</subfield>
    <subfield code="b">spa</subfield>
    <subfield code="c">PE-LiUPU</subfield>
    <subfield code="e">rda</subfield>
  </datafield>
  <datafield tag="099" ind1=" " ind2=" ">
    <subfield code="a">TEF 2</subfield>
    <subfield code="b">M22 2011</subfield>
  </datafield>
  <datafield tag="100" ind1="1" ind2=" ">
    <subfield code="a">Mamani Mor&#xF3;n, Keyla Aracelly</subfield>
    <subfield code="e">autor</subfield>
  </datafield>
  <datafield tag="245" ind1="1" ind2=" ">
    <subfield code="a">Nivel de pensamiento cr&#xED;tico en la t&#xE9;cnica abierta de aspiraci&#xF3;n de secreciones en pacientes con tubo endotraqueal por las enfermeras de la UCI de la Cl&#xED;nica Geri&#xE1;trica San Isidro Labrador, 2011 /</subfield>
    <subfield code="c">Keyla Aracelly Mamani Mor&#xF3;n.</subfield>
  </datafield>
  <datafield tag="264" ind1=" " ind2="0">
    <subfield code="c">2011.</subfield>
  </datafield>
  <datafield tag="300" ind1=" " ind2=" ">
    <subfield code="a">108 hojas : </subfield>
    <subfield code="b">ilustraciones;</subfield>
    <subfield code="c">30 cm</subfield>
  </datafield>
  <datafield tag="336" ind1=" " ind2=" ">
    <subfield code="a">text</subfield>
    <subfield code="2">rdacontent</subfield>
  </datafield>
  <datafield tag="337" ind1=" " ind2=" ">
    <subfield code="a">unmediated</subfield>
    <subfield code="2">rdamedia</subfield>
  </datafield>
  <datafield tag="338" ind1=" " ind2=" ">
    <subfield code="a">volume</subfield>
    <subfield code="2">rdacarrier</subfield>
  </datafield>
  <datafield tag="502" ind1=" " ind2=" ">
    <subfield code="a">Tesis</subfield>
    <subfield code="b">(Lic.) -- </subfield>
    <subfield code="c">Universidad Peruana Uni&#xF3;n,</subfield>
    <subfield code="d">2011.</subfield>
  </datafield>
  <datafield tag="504" ind1=" " ind2=" ">
    <subfield code="a">Incluye referencias</subfield>
  </datafield>
  <datafield tag="520" ind1="3" ind2=" ">
    <subfield code="a">El presente trabajo pretende proponer orientaciones para detectar el pensamientos critico de las enfermeras en la t&#xE9;cnica abierta de aspiraci&#xF3;n de secreciones en pacientes con tubo endotraqueal. El estudio presenta el objeto de formar profesionales capaces de hacer cosas nuevas, que no repitan lo que otro han hecho, mente capaces de ejercer la critica, que puedan comprobar por si mismos lo que escuchan o hacen. Una visi&#xF3;n prospectiva acerca del pensamiento critico en los profesionales de enfermer&#xED;a en la aplicaci&#xF3;n de diferentes t&#xE9;cnicas hospitalarias producir&#xE1; gran cantidad de trabajos te&#xF3;ricos en salud y promover&#xE1; el desarrollo de las habilidades intelectuales, que pueden enmarcarse en lo que se ha denominado el Pensamiento Critico.</subfield>
  </datafield>
  <datafield tag="526" ind1=" " ind2=" ">
    <subfield code="a">SEG44</subfield>
  </datafield>
  <datafield tag="526" ind1=" " ind2=" ">
    <subfield code="a">SEG26</subfield>
  </datafield>
  <datafield tag="526" ind1=" " ind2=" ">
    <subfield code="a">P151</subfield>
  </datafield>
  <datafield tag="526" ind1=" " ind2=" ">
    <subfield code="a">P150</subfield>
  </datafield>
  <datafield tag="526" ind1=" " ind2=" ">
    <subfield code="a">P149</subfield>
  </datafield>
  <datafield tag="526" ind1=" " ind2=" ">
    <subfield code="a">P146</subfield>
  </datafield>
  <datafield tag="526" ind1=" " ind2=" ">
    <subfield code="a">P145</subfield>
  </datafield>
  <datafield tag="526" ind1=" " ind2=" ">
    <subfield code="a">P126</subfield>
  </datafield>
  <datafield tag="526" ind1=" " ind2=" ">
    <subfield code="a">P125</subfield>
  </datafield>
  <datafield tag="526" ind1=" " ind2=" ">
    <subfield code="a">P92</subfield>
  </datafield>
  <datafield tag="526" ind1=" " ind2=" ">
    <subfield code="a">P75</subfield>
  </datafield>
  <datafield tag="526" ind1=" " ind2=" ">
    <subfield code="a">P74</subfield>
  </datafield>
  <datafield tag="526" ind1=" " ind2=" ">
    <subfield code="a">P27</subfield>
  </datafield>
  <datafield tag="526" ind1=" " ind2=" ">
    <subfield code="a">P15</subfield>
  </datafield>
  <datafield tag="650" ind1="0" ind2="4">
    <subfield code="a">Pensamiento cr&#xED;tico</subfield>
    <subfield code="x">Pacientes.</subfield>
  </datafield>
  <datafield tag="596" ind1=" " ind2=" ">
    <subfield code="a">1</subfield>
  </datafield>
  <datafield tag="942" ind1=" " ind2=" ">
    <subfield code="2">ddc</subfield>
    <subfield code="c">TESIS</subfield>
  </datafield>
  <datafield tag="999" ind1=" " ind2=" ">
    <subfield code="a">TEF 2 M22 2011</subfield>
    <subfield code="w">ALPHANUM</subfield>
    <subfield code="c">7703</subfield>
    <subfield code="i">T01255</subfield>
    <subfield code="d">7703</subfield>
    <subfield code="l">CCODEBUL3</subfield>
    <subfield code="m">BUL</subfield>
    <subfield code="q">1</subfield>
    <subfield code="r">1</subfield>
    <subfield code="s">Y</subfield>
    <subfield code="t">TESIS</subfield>
    <subfield code="u">2015-10-21</subfield>
    <subfield code="x">SALUD</subfield>
    <subfield code="P">P22</subfield>
    <subfield code="o">.STAFF. Tesis</subfield>
  </datafield>
  <datafield tag="980" ind1=" " ind2=" ">
    <subfield code="8">1</subfield>
    <subfield code="g">ALBERTO SANCHEZ Responsable de Automatizaci&#xF3;n</subfield>
  </datafield>
  <datafield tag="952" ind1=" " ind2=" ">
    <subfield code="r">2018-07-10 00:00:00</subfield>
    <subfield code="l">0</subfield>
    <subfield code="o">TEF 2 M22 2011</subfield>
    <subfield code="p">T01255</subfield>
    <subfield code="t">e1</subfield>
    <subfield code="w">2015-10-21</subfield>
    <subfield code="x">FCS</subfield>
    <subfield code="y">TESIS</subfield>
    <subfield code="z">Este &#xCD;tem NO se presta por ser Ejemplar #1.</subfield>
    <subfield code="1">0</subfield>
    <subfield code="2">ddc</subfield>
    <subfield code="7">1</subfield>
    <subfield code="8">TESIS</subfield>
    <subfield code="f">P22</subfield>
    <subfield code="a">BUL</subfield>
    <subfield code="b">BUL</subfield>
    <subfield code="c">TESIS</subfield>
    <subfield code="d">2015-10-21</subfield>
  </datafield>
</record>
